000
00281nam a22001217a 4500
999
_c
5244
_d
5244
008
250828b ||||| |||| 00| 0 eng d
020
_a
9781338740264
082
_a
741.4 TEL
100
_a
TELGEMEIER,RAINA
_e
AUTHOR
_l
ENGLISH
245
_a
SMILE
260
_b
SCHOLASTIC
942
_2
ddc